La integración como respuesta a la complejidad (Registro nro. 27459)
[ vista simple ]
| 000 -LEADER | |
|---|---|
| fixed length control field | 00411 a2200109 4500 |
| 001 - CONTROL NUMBER | |
| control field | ART_23455 |
| 005 - DATE AND TIME OF LATEST TRANSACTION | |
| control field | 20260410161918.0 |
| 008 - FIXED-LENGTH DATA ELEMENTS--GENERAL INFORMATION | |
| fixed length control field | 260409a |
| 100 1# - MAIN ENTRY--PERSONAL NAME | |
| Personal name | Rodríguez de Ramírez, María del Carmen |
| 245 10 - TITLE STATEMENT | |
| Title | La integración como respuesta a la complejidad |
| 773 0# - HOST ITEM ENTRY | |
| Title | Documentos de trabajo de contabilidad, auditoría y responsabilidad social |
| Related parts | - Año 3, Nº 6 (dic. 2013) |
| Record control number | REV14385 |
No hay ítems disponibles.